| 000 | 00623nam a2200229 a 4500 | ||
|---|---|---|---|
| 001 | nice12345678 | ||
| 003 | IN_TiNIC | ||
| 005 | 20260116013055.0 | ||
| 008 | 050524s1991 lona grp 000 0 eng | ||
| 020 |
_a0415830 _c961.26 |
||
| 082 | 0 | 0 |
_a181.403 _bURM |
| 100 | _aUrmson, J O | ||
| 245 | _aConcise Encyclopedia of Western Philosophy and Philosophers | ||
| 260 |
_aLondon _bRoutledge Chapman Hall _c1991 |
||
| 300 | _a331p | ||
| 500 | _aincludes index and biblioraphy | ||
| 505 | 2 | _aSelect Bibliography | |
| 650 | _aPhilosophy-Western Encyclopedia | ||
| 902 | _bSRS | ||
| 942 | _cBK | ||
| 999 |
_c9541 _d9541 |
||